000 00628nam a2200253Ia 4500
003 OSt
005 20221006142741.0
006 a|||||r|||| 00| 0
007 ta
008 221006b |||||||| |||| 00| 0 eng d
020 _c¥4000
024 _a7,094
037 _bGift, Japan Foundation
_cTextual
040 _aEASL
_cEASL
_beng
041 _2eng
_aeng
082 _aT.42, hN4
245 0 _aEducation in Japan
260 _aJapan
_bMESS
_c1994
300 _aX+173p.
_ccm.
490 _v JEL
650 _aJEL
942 _hT.42, hN4
_cTEXL
_2CC
999 _c1075180
_d1075180